Регионална библиотека "Любен Каравелов" - Русе

Приказки (Запис номер 472420)

MARC детайли
000 -Лидер
Контролно поле с фиксирана дължина nam a22 a 4500
003 - Код на организацията, давaща контролен номер
Контролно поле BLK
005 - Дата и час на последна редакция
Контролно поле 20220905132852.0
008 - Елементи от данни с фиксирана дължина
fixed length control field 220905b bu |||||r|||| 00| | bu d
020 ## - Международен стандартен номер на книга ISBN
Международен стандартен номер на книга ISBN 9786197535167
040 ## - Източник на каталожния запис
Идентификатор на билиотеката - собственик на записа BLK
041 ## - Код за език
Код за езика на текст/звукозапис или на отделно заглавие Български
Код за езика КДБФ Български
080 ## - УДК
Текстов определител УДК Немска литература
УДК код - определител по УДК 821.112.2
УДК определител -93-34
УДК - код + определител 821.112.2-93-34
100 ## - Редна дума - Автор
R(LIN) 241918
Автор Хауф, Вилхелм
Авторска отговорност първи автор
139 ## - Редно поле
Редна дума Хауф, Вилхелм
245 ## - Сведения за заглавието
Заглавие Приказки
Подзаглавни данни [по] Вилхелм Хауф
Редно поле (дума) адапт. Красимира Цонева, Пламен Тотев ; худож. Карл Офтердингер, Бертал
260 ## - Област на издателските данни
9 (RLIN) 401515
Място на издаване, разпространение и проч. София
Име на издателя, разпространителя и проч. Книги за всички
Година на издаване 2020
Печатница ([София] : [Скала принт])
300 ## - Физическа характеристика
Страници 112 с.
Илюстрации и др. с ил.
Размери/Мащаб 20 см
380 ## - Жанр
Жанр Детска худож. лит.
500 ## - Общи забележки
Забележка Биогр. данни за библиогр. предшественик отбелязани на гърба на кор.
700 ## - Други автори (авторска отговорност)
9 (RLIN) 421
Лично име Цонева, Красимира Вълчева
Автороска отговорност (Описва отношението между автора и произведението) адапт.
700 ## - Други автори (авторска отговорност)
9 (RLIN) 421
Лично име Тотев, Пламен Стефанов
Автороска отговорност (Описва отношението между автора и произведението) адапт.
700 ## - Други автори (авторска отговорност)
9 (RLIN) 1637
Лично име Офтердингер, Карл
Автороска отговорност (Описва отношението между автора и произведението) худож.
700 ## - Други автори (авторска отговорност)
9 (RLIN) 1637
Лично име Бертал
Автороска отговорност (Описва отношението между автора и произведението) худож.
852 ## - Местоположение
Фондова буква Хранилище
999 ## - СИСТЕМНИ КОНТРОЛНИ НОМЕРА
Koha biblionumber 472420
Koha biblioitemnumber 472420
942 ## - АРТИКУЛИ
Вид на библиотечния материал Книги
Скрит в OPAC Не
Периодичен библиозапис Да
944 ## - СЪЗДАВАНЕ И РЕДАКЦИЯ на ЗАПИСА
Създаване/Редакция Създаване
Дата на регистрацията/редакция 2022-09-05
Служител, извършил регистрацията/редакцията ВП
Наличности
Код за отписване Код за изгубен артикул Източник на класификационната схема Код за повреда Коз за рестрикции Код за отдаване Артикулен № Име на библиотеката - собственик Име на библиотеката, в която се намира в момента Статус (Текущо местоположение) Дата на вписване в системата Местоположение - отдел Цена в лева Систематично азбучна сигнатура Баркод Цена в евро Служебен тип на артикула
  Не е изгубен Universal Decimal Classification Не е повреден само за читалня ползва се в читалня 903259 Регионална библиотека "Любен Каравелов" Русе Регионална библиотека "Любен Каравелов" Русе Хранилище 2022-09-07 Хранилище 6.00 Цб 313870 120000875960 3.07 Книги
Vip Innovations Ltd, Rousse, Bulgaria 2025